| 000 | 00491nam a2200157Ia 4500 | ||
|---|---|---|---|
| 008 | 210716s2008 xx 000 0 und d | ||
| 020 | _a9788184046045 | ||
| 041 | _aeng | ||
| 082 | _a005.3642 HAVM | ||
| 100 | _aHavey, Michael. | ||
| 245 |
_aSOA cookbook: design recipes for building better soa processes. _bDesign recipes for building better soa processes. |
||
| 250 | _a1 | ||
| 260 |
_aMumbai _bShroff Publishers and Distributors Pvt Ltd _c2008 |
||
| 300 | _aiv,254,5 | ||
| 650 | _aNone | ||
| 999 |
_c189101 _d189101 |
||